|
|
|
|
| LEADER |
00000nab a2200000 a 4500 |
| 001 |
vtls000183139 |
| 003 |
SK-MaSNL |
| 005 |
20260302202139.0 |
| 008 |
160201c1984 xo 0 slo |
| 015 |
|
|
|a SNBRB19rr/mm-uuuuu
|
| 035 |
|
|
|a CL0193252
|
| 040 |
|
|
|a SNKBUCL
|b slo
|c SNKBUCL
|e AACR2
|
| 041 |
0 |
|
|a slo
|
| 044 |
|
|
|a xo
|c SK
|
| 080 |
|
|
|a 791.43.091.4
|2 1981
|
| 100 |
1 |
|
|a Kincelová, Emília
|4 aut
|9 845375
|
| 245 |
1 |
0 |
|a Výrazná orientácia na súčasnosť
|b Na okraj festivalu českých a slovenských filmov
|c E. Kincelová
|
| 300 |
|
|
|b Obr. 2.
|
| 650 |
0 |
7 |
|a Festival českých a slovenských filmov 1984, Banská Bystrica
|2 snkbucl
|9 921034
|
| 651 |
|
7 |
|a 5301
|2 snkbucl
|9 893756
|
| 655 |
|
7 |
|a články z novín a časopisov
|2 snkbucl
|9 267496
|
| 773 |
0 |
|
|t Práca
|g Roč. 39, č. 96 (21. 4. 1984), s. 6
|
| 850 |
|
|
|a Slovenská národná knižnica v Martine
|a MTA001
|
| 852 |
|
|
|a SNK
|b KIS3GCP
|
| 958 |
|
|
|a RK
|
| 958 |
|
|
|a CZ
|
| 992 |
|
|
|a RBX
|
| 999 |
|
|
|c 1463607
|d 1465537
|